000 00396 a2200169 4500
001 189612
020 _a978-85-04-01625-3
040 _cMagnum
100 _aGuimaraes, Telma
240 1 0 _aO príncipe e o mendigo
_lpor
245 1 0 _aO príncipe e o mendigo
300 _a61
362 0 _a2010
440 1 _aCompanhia Editora Nacional
697 _aLITERATURA INFANTO-JUVENIL
942 _cBK
999 _c189612
_d189612